[Event "Vasteras Open 2018"]
[Site "Vasteras"]
[Date "2018.09.28"]
[Round "1"]
[White "Larsson, Per-Olov"]
[Black "Von Bahr, Oskar"]
[Result "0-1"]
[WhiteElo "1944"]
[BlackElo "2418"]
[Annotator "NA"]
[PlyCount "68"]
[EventDate "2018.09.28"]
[EventCountry "SWE"]
[SourceTitle "playchess.com"]
[Source "ChessBase"]
[SourceQuality "1"]
[TimeControl "900+5"]

1. e4 {[%emt 0:00:00]} e5 {[%emt 0:00:00]} 2. Nf3 {[%emt 0:00:02]} Nc6 {[%emt 0:00:00]} 3. Bb5 a6 4. Ba4 {[%emt 0:00:07]} Nf6 {[%emt 0:00:00]} 5. d3 {[%emt 0:00:07]} d6 {[%emt 0:00:15]} 6. c3 {[%emt 0:00:10]} Be7 {[%emt 0:00:08]} 7. Nbd2 {[%emt 0:00:08]} O-O {[%emt 0:00:04]} 8. O-O {[%emt 0:00:04]} b5 {[%emt 0:00:30]} 9. Bc2 {[%emt 0:00:10]} d5 {[%emt 0:00:09]} 10. d4 {[%emt 0:00:42]} exd4 {[%emt 0:01:47]} 11. Nxd4 {[%emt 0:00:55]} Nxd4 {[%emt 0:00:20]} 12. cxd4 {[%emt 0:00:02]} dxe4 {[%emt 0:00:15]} 13. Nxe4 {[%emt 0:00:04]} Bb7 {[%emt 0:00:16]} 14. Nc5 {[%emt 0:03:01]} Bc6 {[%emt 0:00:17]} 15. Be3 {[%emt 0:01:54]} Qd5 {[%emt 0:00:13]} 16. f3 {[%emt 0:00:12]} Rfe8 {[%emt 0:00:20]} 17. Ne4 {[%emt 0:00:52]} Rad8 {[%emt 0:00:25]} 18. Bf2 {[%emt 0:00:18]} Ba8 {[%emt 0:00:39]} 19. Qd3 {[%emt 0:00:17]} Nxe4 {[%emt 0:00:28]} 20. fxe4 {[%emt 0:00:04]} Qh5 {[%emt 0:00:10]} 21. Bd1 {[%emt 0:00:19]} Qg6 {[%emt 0:00:07]} 22. Bf3 {[%emt 0:00:02]} c5 {[%emt 0:00:15]} 23. Qa3 {[%emt 0:00:50]} cxd4 {[%emt 0:00:21]} 24. Qa5 {[%emt 0:00:02]} Bc5 {[%emt 0:00:42]} 25. Rfe1 {[%emt 0:00:16]} Qb6 {[%emt 0:00:12]} 26. Qxb6 {[%emt 0:00:12]} Bxb6 {[%emt 0:00:01]} 27. Rad1 {[%emt 0:00:01]} f6 {[%emt 0:01:02]} 28. Rd3 {[%emt 0:00:15]} Kf7 {[%emt 0:00:11]} 29. h4 {[%emt 0:01:50]} Re7 {[%emt 0:00:10]} 30. g3 {[%emt 0:00:30]} Rde8 {[%emt 0:00:13]} 31. Red1 {[%emt 0:00:18]} Bxe4 {[%emt 0:00:11]} 32. Bxe4 {[%emt 0:00:03]} Rxe4 {[%emt 0:00:01]} 33. Bxd4 {[%emt 0:00:04]} Rxd4 {[%emt 0:00:05]} 34. Rxd4 {[%emt 0:00:03]} Rd8 {[%emt 0:00:05]} 0-1

[Event "Vasteras Open 2018"]
[Site "Vasteras"]
[Date "2018.09.28"]
[Round "1"]
[White "Andersson, Gorgen"]
[Black "Sjodahl, Pontus"]
[Result "0-1"]
[WhiteElo "1938"]
[BlackElo "2405"]
[Annotator "TA"]
[PlyCount "84"]
[EventDate "2018.09.28"]
[EventCountry "SWE"]
[SourceTitle "playchess.com"]
[Source "ChessBase"]
[SourceQuality "1"]

{[%evp 17,84,-7,-8,-9,-10,-16,-16,-11,-16,-8,-7,-23,-23,-24,-24,-48,-44,-81,-56,-70,-65,-74,-68,-119,-113,-112,-112,-122,-91,-197,-174,-187,-187,-193,-183,-200,-191,-283,-270,-269,-229,-287,-284,-356,-339,-329,-294,-300,-254,-283,-174,-268,-248,-371,-376,-389,-377,-704,-619,-2468,-2393,-2787,-555,-29991,-527,-29993,-5222,-29992,-29993]} 1. e4 {Psakhis,L} e6 2. d4 d5 3. Nc3 Bb4 4. e5 c5 5. a3 Bxc3+ 6. bxc3 Qa5 7. Bd2 Qa4 8. Nf3 b6 9. Qb1 {C18: French: 3 Nc3 Bb4: Main line: 7 h4 and 7 Qg4} Ba6 {LiveBook: 5 Games} 10. Bxa6 Qxa6 11. a4 {[%cal Ba3a4,Ba4a5][%mdl 32] The position is equal.} Nd7 12. Qb5 Qc8 13. O-O Ne7 {[#]} 14. a5 $146 ({Predecessor:} 14. Qd3 h6 15. Nh4 cxd4 16. cxd4 Qc4 17. Qxc4 dxc4 {0-1 (48) Macieja,B (2607)-Jacimovic,D (2469) Kallithea 2002 CBM 092 [Psakhis,L]}) 14... a6 15. Qe2 b5 16. Be3 O-O 17. g4 cxd4 18. cxd4 Qc4 $36 {[%mdl 2048] Black has some pressure.} 19. Qxc4 dxc4 20. c3 (20. Nd2 $15) 20... Nd5 $17 21. Bd2 f6 22. Rfe1 Rae8 23. g5 (23. Kg2 $17 {was worth a try.}) 23... fxe5 $1 $19 24. Nxe5 Nxe5 25. Rxe5 Rf3 $1 26. Rae1 Kf7 $1 (26... Nxc3 27. Rxe6 Rxe6 28. Rxe6 $15) 27. Kg2 (27. Rc1 $142) 27... Rd3 28. R1e2 Re7 (28... Nxc3 29. Bxc3 Rxc3 30. d5 $19) 29. f4 g6 (29... Nxc3 30. Bxc3 Rxc3 31. d5 $15) 30. h4 b4 (30... Nxc3 31. Bxc3 Rxc3 32. d5 $17) 31. cxb4 c3 (31... Rxd4 32. Be3 $17) 32. Bc1 Rxd4 33. Kf3 Re8 ({But not} 33... Rxb4 $2 34. Rxd5 $1 {[%mdl 512]} exd5 35. Rxe7+ Kxe7 36. Ba3 $18) (33... Nxb4 34. R2e4 $17) 34. h5 (34. R5e4 $142 Rd1 35. Be3) 34... Rd1 ({Less strong is} 34... Rxb4 {[#]} 35. f5 $1 $15 {[%mdl 512]}) (34... Nxb4 35. Rc5 $17) ({Resist} 34... gxh5 35. f5 $17) 35. hxg6+ (35. Be3 $142) 35... hxg6 36. Be3 Rh8 {And now ...Rh3+ would win.} 37. Kg2 $2 (37. Kg3) 37... Rdh1 38. Kf3 R8h3+ 39. Ke4 c2 (39... Rxe3+ $142 40. Kd4 Rxe5 41. fxe5 Rh4+ 42. Kc5 Nxb4) 40. Kd4 Rxe3 (40... Rd1+ $142 41. Kc5 c1=Q+ 42. Bxc1 Rxc1+ 43. Kd6 Rd3 44. Rd2 Rxd2 45. Re2 Rxe2 46. f5 Nxb4 47. f6 Rc6+ 48. Kd7 Rd2#) 41. R5xe3 Nxe3 (41... c1=Q $142 42. Rd3 Rd1 43. Rxd1 Qxd1+ 44. Kc4 Qxe2+ 45. Kb3 Qd3+ 46. Ka2 Qc3 47. b5 Nb4+ 48. Kb1 Qc2+ 49. Ka1 Qc1#) 42. Rxe3 c1=Q {Precision: White = 23%, Black = 65%.} 0-1

[Event "Vasteras Open 2018"]
[Site "Vasteras"]
[Date "2018.09.28"]
[Round "1"]
[White "Berg Laachiri, Susanna"]
[Black "Livner, Anders"]
[Result "1/2-1/2"]
[WhiteElo "1903"]
[BlackElo "2372"]
[Annotator "NA"]
[PlyCount "55"]
[EventDate "2018.09.28"]
[EventCountry "SWE"]
[SourceTitle "playchess.com"]
[Source "ChessBase"]
[SourceQuality "1"]
[TimeControl "900+5"]

1. e4 {[%emt 0:00:00]} c6 {[%emt 0:00:00]} 2. d4 {[%emt 0:00:03]} d5 {[%emt 0:00:00]} 3. exd5 {[%emt 0:00:05]} cxd5 {[%emt 0:00:00]} 4. c4 {[%emt 0:00:04]} Nf6 {[%emt 0:00:00]} 5. Nc3 {[%emt 0:00:03]} g6 {[%emt 0:00:14]} 6. Nf3 {[%emt 0:00:29]} Bg7 {[%emt 0:00:03]} 7. Be2 {[%emt 0:00:20]} O-O {[%emt 0:00:11]} 8. O-O {[%emt 0:00:03]} Nc6 {[%emt 0:00:26]} 9. a3 {[%emt 0:00:40]} Bg4 {[%emt 0:00:46]} 10. c5 {[%emt 0:01:18]} Ne4 {[%emt 0:00:24]} 11. Be3 {[%emt 0:00:23]} Rc8 {[%emt 0:02:32]} 12. h3 {[%emt 0:01:43]} Be6 {[%emt 0:00:36]} 13. Rc1 {[%emt 0:01:42]} f5 {[%emt 0:00:29]} 14. Bf4 {[%emt 0:01:08]} h6 {[%emt 0:00:29]} 15. h4 {[%emt 0:00:39]} Bf7 {[%emt 0:03:14]} 16. b4 {[%emt 0:00:11]} Nxd4 {[%emt 0:01:07]} 17. Nxd4 {[%emt 0:01:59]} e5 {[%emt 0:00:00]} 18. Nxe4 {[%emt 0:01:23]} dxe4 {[%emt 0:01:28]} 19. Nb5 {[%emt 0:00:22]} exf4 {[%emt 0:00:19]} 20. Qxd8 {[%emt 0:00:02]} Rcxd8 {[%emt 0:00:30]} 21. Nd6 {[%emt 0:00:41]} Bd5 {[%emt 0:00:36]} 22. Rcd1 {[%emt 0:00:15]} Bb3 {[%emt 0:00:05]} 23. Rb1 {[%emt 0:00:22]} Ba2 {[%emt 0:00:06]} 24. Rbd1 {[%emt 0:00:09]} Bb3 {[%emt 0:00:35]} 25. Rb1 {[%emt 0:00:21]} Ba2 {[%emt 0:00:05]} 26. Rbd1 {[%emt 0:00:03]} Bb3 {[%emt 0:00:36]} 27. Rb1 {[%emt 0:00:04]} Ba2 {[%emt 0:00:01]} 28. Rbd1 {[%emt 0:00:02]} 1/2-1/2

[Event "Vasteras Open 2018"]
[Site "Vasteras"]
[Date "2018.09.28"]
[Round "1"]
[White "Salholm, Soren"]
[Black "Bellon Lopez, Juan Manuel"]
[Result "0-1"]
[WhiteElo "1902"]
[BlackElo "2342"]
[Annotator "TA"]
[PlyCount "100"]
[EventDate "2018.09.28"]
[EventCountry "SWE"]
[SourceTitle "playchess.com"]
[Source "ChessBase"]
[SourceQuality "1"]

{[%evp 9,100,-26,-2,0,25,13,6,6,16,8,19,11,32,-66,28,22,62,10,12,7,25,24,31,34,70,70,68,64,103,102,104,104,122,89,106,0,0,0,-18,-28,0,0,0,0,60,60,73,-14,-14,-26,-26,-26,-26,-34,-34,-34,-34,-34,0,-34,-34,-59,0,0,191,223,272,0,0,0,0,0,0,0,0,-327,-327,-316,-311,-308,-304,-507,-500,-487,-458,-477,-435,-407,0,0,0,-29993,-29994]} 1. e4 c5 2. Nf3 e6 3. c3 Nf6 4. d3 Nc6 5. Be2 d6 6. O-O {B50: Sicilian: 2...d6, Miscellaneous} g6 (6... Be7 7. Re1 O-O 8. Nbd2 b5 9. a3 d5 10. exd5 Nxd5 11. d4 cxd4 12. cxd4 Qb6 13. Ne4 b4 14. Bc4 Rd8 15. Qd3 Na5 {0-1 (38) Pinter,E (2393)-Havlicek,L (2299) Slovakia 2018}) 7. h3 $146 ({Predecessor:} 7. Nbd2 Bg7 8. Re1 e5 9. Nc4 O-O 10. Bg5 h6 11. Bxf6 Bxf6 12. Ne3 Bg7 13. Nd2 f5 14. exf5 gxf5 {0-1 (34) Spodny,J (2117)-Skacelik,P (2272) Brno 2007}) 7... Bg7 8. Bg5 {The position is equal.} h6 9. Bh4 Qb6 10. Qd2 d5 11. e5 (11. Na3 $14) 11... Ng8 (11... Nh5 $1 $15 12. g4 g5) 12. d4 $11 Nge7 13. Bxe7 ({White should try} 13. Bf6 $14 Bxf6 14. dxc5 (14. exf6 Ng8 $11) 14... Qxc5 15. b4 (15. exf6 Ng8 $11)) 13... Nxe7 14. b4 $36 {[%mdl 2048] White is more active.} c4 15. a4 a5 16. b5 g5 17. Nh2 Ng6 18. g3 Qd8 19. Bh5 Qe7 20. Na3 Bd7 21. Nc2 b6 22. f4 (22. Rfe1 $16) 22... gxf4 $1 23. Bxg6 fxg6 24. Rxf4 h5 25. Qf2 g5 26. Rf3 Rf8 (26... g4 $1 $11 27. hxg4 Qg5) 27. Rf1 $1 $14 O-O-O 28. Qe2 (28. Rf7 $16 Qxf7 29. Qxf7 Rxf7 30. Rxf7) 28... Rxf3 $11 29. Rxf3 Be8 {[%cal Bd7e8,Be8g6,Bg6e4][%mdl 32]} 30. g4 h4 31. Nf1 {[%cal Bh2f1,Bf1e3,Be3c4][%mdl 32]} Bg6 32. Nfe3 Be4 33. Rf2 Rf8 34. Rxf8+ (34. Nxc4 $5 Rxf2 35. Kxf2 Qf8+ 36. Kg1 Bxc2 37. Nxb6+ Kc7 38. Nxd5+ $1 {[%mdl 512]} exd5 39. Qxc2 $11) 34... Bxf8 35. Nxc4 Bxc2 (35... Qc7 $15 36. Qf2 Be7 37. Nd6+ Bxd6 38. exd6 Qxd6) 36. Nd6+ Kd7 $2 (36... Kd8 $11 {and Black stays safe.} 37. Qxc2 Qg7) 37. Qxc2 $18 {And now c4 would win.} Qg7 {[#]} 38. Qh2 $2 ({White must play} 38. c4 $1 $18 {[%cal Rc4d5]} Bxd6 39. cxd5) 38... Qg6 $11 {...Qb1+ is the strong threat.} 39. Qf2 Bxd6 40. exd6 Kxd6 {[%mdl 4096] Endgame KQ-KQ} 41. Qf8+ Kd7 42. Qb8 $2 {[%mdl 8192]} (42. Qf1 $11) 42... Qb1+ $19 43. Kg2 Qc2+ 44. Kf1 Qxc3 45. Qxb6 $2 (45. Qh8 Qxh3+ 46. Kf2 Qh2+ 47. Kf1 Qf4+ 48. Ke1) 45... Qxh3+ 46. Ke2 Qxg4+ 47. Kd3 Qd1+ 48. Kc3 Qxa4 $2 (48... Qe1+ $19 49. Kb2 Qb4+ 50. Ka2 Qxa4+ 51. Kb1 Qd1+ 52. Kb2 Qd2+ 53. Kb3 h3 54. Qb7+ Ke8) 49. Qc6+ $1 $11 Ke7 {Threatens to win with ...Qc4+!} 50. b6 $2 {[%mdl 8192]} (50. Qc7+ $11 Kf6 51. b6) 50... Qxc6+ {Precision: White = 38%, Black = 39%.} 0-1

[Event "Vasteras Open 2018"]
[Site "Vasteras"]
[Date "2018.09.28"]
[Round "2"]
[White "Hector, Jonny"]
[Black "Kruse, Janik"]
[Result "1/2-1/2"]
[WhiteElo "2507"]
[BlackElo "2102"]
[Annotator "TA"]
[PlyCount "251"]
[EventDate "2018.09.28"]
[EventCountry "SWE"]
[SourceTitle "playchess.com"]
[Source "ChessBase"]
[SourceQuality "1"]

{[%evp 19,251,0,35,30,30,16,17,14,30,24,24,26,56,70,78,70,88,79,103,92,72,60,79,59,89,84,76,39,54,33,40,0,43,-152,-158,-162,-135,-200,-163,-186,-164,-188,-88,-88,307,299,311,320,300,289,303,307,288,158,135,151,174,52,83,20,156,140,209,218,332,300,863,152,152,150,145,27,27,27,27,27,27,1,100,100,102,104,119,117,141,35,22,9,27,43,160,153,159,8,8,8,8,0,95,8,8,0,0,-1,-3,-2,-3,-36,8,0,8,8,8,0,8,8,8,8,8,0,8,0,8,8,558,558,558,558,558,558,558,558,558,558,558,558,558,558,558,558,558,558,558,558,558,558,558,558,558,558,558,558,558,558,558,558,558,558,558,558,558,558,558,558,558,0,558,558,558,540,558,558,558,558,558,0,558,558,558,558,549,541,552,540,524,516,510,500,496,496,557,492,492,0,502,461,461,8,8,8,8,8,8,8,8,8,8,0,8,0,8,8,8,8,8,8,8,8,8,0,0,8,0,0,0,0,0,0,0,0,0,0,0,0]} 1. e4 e5 2. Nf3 Nc6 3. Bc4 Bc5 4. c3 Nf6 5. d3 a6 6. Bb3 Ba7 7. O-O d6 8. Be3 O-O {C54: Giuoco Piano: 4 c3 Nf6, main lines with 5 d4 and 5 d3} 9. Nbd2 Bxe3 10. fxe3 Be6 {LiveBook: 6 Games} 11. Bxe6 fxe6 12. Qb3 Qd7 13. d4 {[#]} b6 $146 ({Predecessor:} 13... Kh8 14. Rad1 exd4 15. cxd4 e5 16. Rc1 {½-½ (60) Hector,J (2575)-Nielsen,P (2687) Sweden 2011}) 14. Rad1 Ng4 {...Na5 is the strong threat.} 15. Rfe1 exd4 16. cxd4 Na5 17. Qc3 Rae8 18. Rc1 {Black must now prevent b4.} Re7 19. b4 Nb7 20. h3 Nf6 {[%cal Bg4f6,Bf6d5,Bd5f4][%mdl 32]} 21. Qb3 Kh8 22. e5 Nd5 23. exd6 cxd6 24. e4 Nf4 25. Nc4 Qd8 26. d5 $2 (26. Kh2 $14) 26... exd5 $17 27. exd5 b5 (27... Nxd5 28. Rxe7 Qxe7 29. Re1 $11) 28. Ncd2 (28. Ne3 $17) 28... Ne2+ 29. Rxe2 Rxe2 30. Qd3 Qb6+ (30... Qe7 $19 31. Kh1 a5) 31. Nd4 Rff2 $2 {[%mdl 8192]} (31... Re5 $17 {keeps the pressure on.} 32. Rc6 Qa7) 32. Rc8+ $18 ({Don't do} 32. Nxe2 $6 Rxe2+ 33. Kh1 Re8 $18) 32... Nd8 {[#]} 33. Rxd8+ $1 {[%mdl 512]} Qxd8 34. Nxe2 Rf8 35. Nd4 Qf6 36. Ne4 ({White should play} 36. N2f3 $18) 36... Qe5 $16 {And now ...Rf4 would win.} 37. Nf3 Qf4 38. Neg5 (38. Kf2 $18) 38... Qc1+ $1 $14 39. Qf1 (39. Kh2 $16 {[%csl Gg5][%cal Rd3h7]} Qf4+ 40. g3) 39... Qxf1+ (39... Qe3+ $11 {keeps the balance.} 40. Qf2 Qc1+ 41. Qe1 Qxe1+ 42. Nxe1 Rf5) 40. Kxf1 $16 Rf5 (40... Kg8 $16 41. Ke2 a5) 41. Ke2 $1 $18 h6 (41... h5 {was worth a try.} 42. Ne6 h4 43. Nxh4 Re5+ 44. Kd3 Rxd5+ 45. Nd4 Kg8) 42. Ne6 Rxd5 $2 (42... h5 43. g4 Rf6) 43. Nc7 $2 (43. g4 $18 {and the rest is easy.}) 43... Rf5 $16 44. Nxa6 {Strongly threatening Nc7.} Rf7 45. Nd2 (45. Nb8 $16) 45... Ra7 $11 46. Nb8 $1 Rxa2 47. Nc6 Kg8 48. Kd3 Kf7 (48... Ra3+ $1 $11 49. Ke2 Ra4) 49. Nd4 $16 Ra3+ 50. N2b3 $1 Kf6 51. Kc3 Ra2 {[#]} 52. Nd2 ({Much worse is} 52. Nxb5 $6 Rxg2 53. Kc4 (53. Nxd6 Rg3+ 54. Kc4 Rxh3 $14) 53... Ke6 $11) (52. Nc2 $1 $16) 52... Ra3+ $14 53. Kb2 Rd3 54. N2f3 Rd1 (54... Re3 $1 $14) 55. Nxb5 $16 Rf1 56. Nbd4 $2 (56. Kc3 $16) 56... Rf2+ $11 57. Kc3 {With the idea b5.} Rxg2 58. b5 Ra2 {[#]} (58... Ke7 $1 $11) 59. Kc4 (59. Kb3 $1 $16 {[%cal Rb3a2]} Ra1 60. Kb2) 59... Ke7 $1 60. Kd5 {aiming for Kc6.} Kd7 61. Nh4 Rh2 62. Nhf5 Rxh3 63. Nxd6 Rd3 64. Nc4 {Threatens to win with Ne5+.} (64. Ne4 {keeps more tension.} Rd1 65. b6 Rxd4+ 66. Kxd4 Kc6 67. Ke5) 64... Kc7 (64... Rd1 {feels hotter.} 65. Kc5 g5 66. b6 Rc1 67. Ne2 Rc2) 65. Kc5 Rc3 66. Nf5 g5 67. Nxh6 Rc1 68. Ng4 Rg1 69. Nf6 Rc1 70. Ne4 (70. b6+ {is interesting.} Kb7 71. Ng4 Rb1 72. Nge5 Rc1 73. Nd3) 70... Rb1 71. b6+ Rxb6 $2 {[%mdl 8192]} (71... Kb8 $11 {and Black is okay.}) 72. Nxb6 $18 g4 73. Ng3 Kd8 74. Kd6 Ke8 75. Nc4 Kf7 76. Ke5 Kg6 77. Ne3 Kg5 78. Nef5 Kg6 79. Kf4 Kf6 80. Ne4+ Ke6 81. Nfg3 Kd5 82. Ke3 Ke5 83. Nf2 Kd5 84. Nd3 Ke6 85. Ke4 Kd6 86. Kd4 Ke6 87. Nf4+ Kd6 88. Kc4 Ke5 89. Nfe2 Kd6 90. Kd4 Ke6 91. Nc1 Kd6 92. Nd3 Ke6 $1 93. Kc5 Kf6 94. Kd5 Ke7 95. Nf4 Kf6 96. Nfh5+ Ke7 97. Nf4 Kf6 $1 98. Ne6 Ke7 99. Ke5 Kd7 100. Nd4 Kc7 101. Kd5 Kd7 102. Nc6 Kc7 103. Kc5 Kd7 104. Nd4 Kc7 105. Ne6+ Kd7 106. Kd5 Ke7 $1 107. Nc5 Kf6 108. Nce4+ $2 (108. Ne2 $18 g3 109. Ke4) 108... Ke7 $1 $11 {The position is equal.} 109. Nf5+ Kd7 110. Nc5+ Kc7 111. Ng3 Kb6 112. Nb3 Kc7 113. Nd4 Kd7 114. Nc6 Kc7 115. Ne5 Kb6 116. Kc4 Kc7 117. Kc5 Kb7 118. Nc4 Kc7 119. Nb6 Kb7 120. Nd5 Ka6 121. Kc6 Ka5 122. Kc5 Ka6 123. Nc7+ Kb7 124. Nb5 Ka6 125. Nd6 Ka5 126. Nge4 {Precision: White = 33%, Black = 32%.} 1/2-1/2

[Event "Vasteras Open 2018"]
[Site "Vasteras"]
[Date "2018.09.28"]
[Round "2"]
[White "Cramling, Pia"]
[Black "Eriksson, Kristian"]
[Result "1-0"]
[WhiteElo "2465"]
[BlackElo "2094"]
[Annotator "TA"]
[PlyCount "95"]
[EventDate "2018.09.28"]
[EventCountry "SWE"]
[SourceTitle "playchess.com"]
[Source "ChessBase"]
[SourceQuality "1"]

{[%evp 16,95,16,18,41,30,37,45,86,40,88,81,81,81,72,63,70,84,84,69,77,77,74,30,47,32,57,37,73,66,129,66,65,60,97,92,78,57,82,83,75,79,65,60,46,44,46,12,48,52,64,60,187,187,191,171,266,269,408,419,29998,29999,29999,711,704,702,694,680,773,685,773,717,765,711,705,704,659,664,704,701,687,687]} 1. Nf3 Nf6 2. c4 e6 3. g3 b6 4. Bg2 Bb7 5. O-O Be7 6. d4 O-O 7. Re1 d5 8. cxd5 exd5 9. Nc3 h6 {E17: Queen's Indian: 4 g3 Bb7 5 Bg2 Be7} 10. Bf4 c5 $146 ({Predecessor:} 10... c6 11. Qc2 Nbd7 12. Red1 Rc8 13. Rac1 b5 14. Ne5 Qb6 15. Qf5 Rcd8 16. Nxd7 Nxd7 17. e4 {½-½ (38) Rodshtein,M (2623)-Bujupi,B (2242) Ohrid 2009}) 11. dxc5 bxc5 {White is slightly better.} 12. Ne5 {aiming for Qb3.} Nc6 13. Nxd5 Nxe5 14. Nxe7+ Qxe7 {[#]} 15. Bxb7 $1 Rab8 16. Bg2 Rxb2 17. Qc1 $36 {[%mdl 2048] White is more active.} Rb4 18. Qc3 Re8 19. Rec1 Ned7 20. Bf3 Qe6 21. Rd1 Rc4 22. Qb3 {Strongly threatening Rd6.} Nb6 {[#]} (22... Rd4 $14) 23. Rac1 ({Better is} 23. Rd6 $1 $16 {[%cal Rd6e6]} Qf5 24. Rxb6 Rxf4 25. Rb8) 23... Rxc1 $14 24. Rxc1 c4 25. Qb5 Rc8 26. Qe5 Nfd5 27. Qxe6 fxe6 28. Be5 Kf7 29. h4 Rc5 30. Bd6 Ra5 31. Rc2 Ra4 32. a3 g6 33. Kg2 c3 (33... Nc8 $14 34. Bc5 Ncb6) 34. e4 $18 Nf6 35. Rxc3 Nxe4 (35... Rc4 $142 36. Bb4 g5 37. hxg5 hxg5) 36. Rc7+ Kf6 (36... Ke8 {was necessary.}) 37. Bf8 {Threatening mate with Bg7+.} Nd2 (37... Ke5 $18 38. Bxh6 Rxa3 39. Bg7+ Kd6) 38. Bg7+ Kf5 39. g4+ (39. Rf7# $142) 39... Rxg4+ {White is clearly winning.} 40. Bxg4+ Kxg4 41. Bxh6 {[%mdl 4096] Endgame KRB-KNN} Ndc4 42. a4 {[%cal Ba3a4,Ba4a5][%mdl 32]} Kxh4 43. Bg7 Kg5 44. Bc3 Nd6 45. a5 Nd5 46. Bd2+ Kf5 47. Rxa7 Ne4 48. Bc1 {Precision: White = 62%, Black = 29%.} 1-0

[Event "Vasteras Open 2018"]
[Site "Vasteras"]
[Date "2018.09.28"]
[Round "2"]
[White "Von Bahr, Oskar"]
[Black "Eddy, Samuel"]
[Result "1-0"]
[WhiteElo "2418"]
[BlackElo "2066"]
[Annotator "TA"]
[PlyCount "71"]
[EventDate "2018.09.28"]
[EventCountry "SWE"]
[SourceTitle "playchess.com"]
[Source "ChessBase"]
[SourceQuality "1"]

{[%evp 18,71,45,7,27,26,40,35,34,10,64,55,74,76,58,-15,-18,-78,106,104,117,51,81,80,80,78,59,69,70,33,111,112,113,109,131,107,102,107,110,93,274,245,570,564,569,569,549,560,564,459,561,551,550,538,516,503]} 1. c4 Nf6 2. g3 g6 3. Bg2 Bg7 4. Nc3 d6 5. e4 O-O 6. Nge2 e5 7. d3 Nc6 8. O-O Nh5 9. Be3 f5 10. Qd2 f4 {A26: English Opening vs King's Indian with ...Nc6 and d3} (10... Be6 11. exf5 gxf5 12. f4 Nf6 13. h3 Qd7 14. Rae1 Rae8 15. b3 Bf7 16. Kh2 Bg6 17. Bf2 a6 18. d4 exd4 19. Nxd4 {1-0 (40) McNab,C (2439)-Graham,D (2111) England 2016}) 11. gxf4 exf4 12. Nxf4 ({Wrong is} 12. Bxf4 $2 Nxf4 13. Nxf4 Bxc3 $19) 12... Nxf4 {White is slightly better.} 13. Bxf4 Nd4 ({Black should play} 13... Qh4 $1 $11 14. Bg3 Qh5) 14. f3 $146 {[%cal Bf2f3,Bf3f4][%mdl 32]} ({Predecessor:} 14. Bg5 Qe8 15. f3 Rf7 16. Rae1 Qe5 17. Ne2 Nc2 18. Rb1 {1-0 (32) Schmitt,C (1962)-Ruell,M (1801) Heusenstamm 2017}) 14... Be6 15. Be3 Qh4 16. Ne2 (16. f4 $14) 16... Be5 $11 {[#] ( -> ...Nxe2+)} 17. Ng3 $1 {[%mdl 512] [#]} Rf7 $2 (17... Rf4 $1 $17) (17... Bxg3 18. hxg3) 18. f4 $36 {[%mdl 2048] Keeping Black busy.} Bg7 19. Ne2 ({Better is} 19. f5 $16 gxf5 20. Rf4) 19... Nxe2+ 20. Qxe2 Bg4 21. Qf2 Qh5 22. Rae1 Raf8 23. Qg3 b6 (23... Bf6 $14 24. Bf3 Bxf3 25. Qxf3 Qa5) 24. b3 g5 {[#] Strongly threatening ...Bc3.} 25. e5 $1 ({Not} 25. fxg5 $2 Be5 $19) 25... dxe5 26. fxe5 {Threatens to win with Bd5.} Rxf1+ 27. Rxf1 Rxf1+ 28. Bxf1 Bf3 $2 (28... h6 $16) 29. Bxg5 $18 h6 $2 (29... Bg4 30. Bf6 Bxf6) 30. Bf6 {[%csl Gf6][%cal Rg3g7] White is clearly winning.} Qg4 31. Qxg4 Bxg4 32. Bxg7 Kxg7 33. Kf2 Kf7 34. Kg3 Bf5 35. Kf4 Ke6 36. d4 {Precision: White = 60%, Black = 38%.} 1-0

[Event "Vasteras Open 2018"]
[Site "Vasteras"]
[Date "2018.09.28"]
[Round "2"]
[White "Sjodahl, Pontus"]
[Black "Bratholm, Palle"]
[Result "1-0"]
[WhiteElo "2405"]
[BlackElo "2058"]
[Annotator "TA"]
[PlyCount "39"]
[EventDate "2018.09.28"]
[EventCountry "SWE"]
[SourceTitle "playchess.com"]
[Source "ChessBase"]
[SourceQuality "1"]

{[%evp 16,39,152,153,158,146,166,159,150,158,177,172,203,179,187,181,181,185,195,187,451,447,446,457,429,393]} 1. d4 d5 2. c4 e6 3. Nc3 Nf6 4. cxd5 exd5 5. Bg5 Be7 6. e3 c6 7. Qc2 Nh5 {D36: Queen's Gambit Declined: Exchange Variation: Main line (5 Bg5 c6 6 Qc2)} (7... Nbd7 8. Bd3 h6 9. Bh4 Nh5 10. Bxe7 Qxe7 11. O-O-O Nb6 12. Nf3 Nf6 13. Kb1 Be6 14. Ka1 O-O-O 15. Na4 Kb8 16. Rc1 Rhe8 17. Nc5 Bc8 {1-0 (50) Nepomniachtchi,I (2757)-Nisipeanu,L (2672) Dortmund 2018}) 8. Bxe7 Qxe7 {[#]} 9. Nxd5 $1 {[%mdl 512] LiveBook: 4 Games} Qd8 {White is clearly better.} (9... cxd5 10. Qxc8+) 10. Nc3 Be6 11. Nf3 Nd7 {[%cal Bb8d7,Bd7b6,Bb6d5][%mdl 32]} 12. Bd3 h6 $146 ({Predecessor:} 12... g6 13. h3 Qa5 14. O-O Nb6 15. Ne4 O-O-O 16. Nc5 Ng7 17. Ne5 Rhf8 18. Ba6 {1-0 (18) Carow,J (2445)-Bischoff,U (2057) Wiesbaden 2018}) 13. O-O Rc8 14. b4 Nb6 15. a3 O-O 16. Ne5 Nd5 17. Ne4 {And now Nc5 would win.} a5 $2 {[#]} (17... Bf5 18. Rfc1 Bxe4) 18. Nc5 $18 {White is clearly winning.} axb4 19. Nxe6 fxe6 20. Bh7+ 1-0